[Event "London Classic Superrapid"]
[Site "London ENG"]
[Date "2016.12.17"]
[Round "2.8"]
[White "Tozer, Philip A A"]
[Black "Safarli, Eltaj"]
[Result "0-1"]
[BlackTitle "GM"]
[WhiteElo "2144"]
[BlackElo "2691"]
[WhiteFideId "419982"]
[BlackFideId "13402129"]
[EventDate "2016.12.17"]

1. c4 Nf6 2. g3 g6 3. Bg2 d5 4. cxd5 Nxd5 5. Nc3 Nxc3 6. bxc3 Bg7 7. Nf3 O-O 8.
O-O c5 9. Rb1 Nc6 10. c4 b6 11. d3 Bf5 12. Bg5 h6 13. Bd2 Qd7 14. Qc1 Kh7 15.
Bc3 e5 16. Qb2 Rae8 17. Rfe1 Bh3 18. Bh1 Nd4 19. Bxd4 exd4 20. Qb5 Qc7 21. Nd2
Re7 22. Qc6 Qd8 23. Qd5 Qe8 24. Bf3 Qa4 25. Rb2 Rfe8 26. Nb1 h5 27. Qc6 Qa5 28.
Rd1 Bd7 29. Qd5 Ba4 30. Rf1 Bh6 31. Qd6 Kg7 32. g4 hxg4 33. Bxg4 f5 34. Bf3 Re6
35. Qg3 Bc6 36. Kh1 Qa4 37. Rg1 Bxf3+ 38. Qxf3 Qc6 39. Qxc6 Rxc6 40. Kg2 Bf4 41.
h4 Rh8 42. Rh1 Re6 43. Kf3 g5 44. Na3 Bb8 45. e3 g4+ 46. Ke2 dxe3 47. fxe3 f4
48. e4 f3+ 49. Ke3 Rf6 50. Nb5 Bf4+ 51. Kf2 g3+ 0-1

[Event "London Classic Superrapid"]
[Site "London ENG"]
[Date "2016.12.17"]
[Round "2.9"]
[White "Gharamian, Tigran"]
[Black "Taylor, Adam C"]
[Result "1-0"]
[WhiteTitle "GM"]
[BlackTitle "FM"]
[WhiteElo "2621"]
[BlackElo "2212"]
[WhiteFideId "13301527"]
[BlackFideId "424668"]
[EventDate "2016.12.17"]

1. e4 e5 2. Nf3 Nc6 3. Bb5 a6 4. Bxc6 dxc6 5. O-O Qf6 6. d3 h6 7. b3 Bg4 8. Nbd2
Ne7 9. Bb2 Ng6 10. h3 Bxf3 11. Qxf3 Qxf3 12. Nxf3 Bd6 13. d4 exd4 14. Bxd4 O-O
15. Rfe1 Rfe8 16. Rad1 Rad8 17. Bc3 Bc5 18. Rxd8 Rxd8 19. g3 Kf8 20. Kf1 b6 21.
Ke2 Re8 22. Nd2 h5 23. h4 a5 24. f4 f5 25. Kf3 Bb4 26. Nb1 fxe4+ 27. Rxe4 Rxe4
28. Kxe4 Kf7 29. f5 Ne7 30. Be5 Bd6 31. Nc3 g6 32. fxg6+ Nxg6 33. Bxd6 cxd6 34.
Kf5 d5 35. Na4 Ne7+ 36. Kg5 Ke6 37. Kxh5 Nf5 38. g4 Ne3 39. c3 c5 40. Nxb6 d4
41. cxd4 cxd4 42. Na4 d3 43. Nc5+ Kd5 1-0

[Event "London Classic Superrapid"]
[Site "London ENG"]
[Date "2016.12.17"]
[Round "2.10"]
[White "Archer-Lock, Christopher J"]
[Black "Jones, Gawain C B"]
[Result "0-1"]
[BlackTitle "GM"]
[WhiteElo "2043"]
[BlackElo "2667"]
[WhiteFideId "403628"]
[BlackFideId "409561"]
[EventDate "2016.12.17"]

1. d4 Nf6 2. c4 c5 3. d5 b5 4. cxb5 a6 5. b6 g6 6. Nc3 Qxb6 7. e4 d6 8. Be2 Bg7
9. Nf3 O-O 10. O-O Bg4 11. Nd2 Bxe2 12. Qxe2 Nbd7 13. Nc4 Qc7 14. a4 Rfb8 15. a5
Rb4 16. f4 Qb7 17. Bd2 Rb8 18. Ra2 Ne8 19. h3 Nc7 20. Na4 Rb3 21. Bc3 Nb5 22.
Bxg7 Kxg7 23. Nab6 Nd4 24. Qd2 Nf6 25. Qe1 Rb4 26. Kh2 Rxc4 27. Nxc4 Qb3 28. e5
Nxd5 29. Ra3 Qxc4 30. Rc3 Nxc3 0-1

[Event "London Classic Superrapid"]
[Site "London ENG"]
[Date "2016.12.17"]
[Round "2.11"]
[White "Lenderman, Aleksandr"]
[Black "Tambini, Jasper"]
[Result "1-0"]
[WhiteTitle "GM"]
[WhiteElo "2581"]
[BlackElo "2066"]
[WhiteFideId "2021285"]
[BlackFideId "418030"]
[EventDate "2016.12.17"]

1. d4 d5 2. c4 e6 3. Nf3 Nf6 4. g3 Be7 5. Bg2 O-O 6. O-O c6 7. Qc2 b6 8. b3 Bb7
9. Nc3 Nbd7 10. Rd1 Rc8 11. e4 a6 12. Bf4 h6 13. h3 Re8 14. e5 Nh7 15. cxd5 cxd5
16. Qd3 Ndf8 17. Ne2 Ng5 18. Nd2 Qd7 19. h4 Ngh7 20. a4 Rc7 21. Rdc1 Rec8 22.
Nf1 Bb4 23. Bd2 Qe7 24. Ne3 a5 25. Nc3 Bc6 26. Bf1 Be8 27. Ncxd5 exd5 28. Nxd5
Qd8 29. Nxc7 Rxc7 30. Rxc7 Qxc7 31. Rc1 Qe7 32. Bxb4 Qxb4 33. Rc4 Qe1 34. Qc3
Qe4 35. Bg2 Qb1+ 36. Kh2 Qf5 37. Qe3 Bd7 38. d5 g5 39. g4 Qg6 40. h5 Qg7 41. Kg1
Be8 42. Be4 Nd7 43. Rc8 Kf8 44. d6 f5 45. Bxf5 Nxe5 46. d7 Nxd7 47. Qxe8# 1-0

[Event "London Classic Superrapid"]
[Site "London ENG"]
[Date "2016.12.17"]
[Round "2.12"]
[White "Cannon, Richard J"]
[Black "Cornette, Matthieu"]
[Result "0-1"]
[BlackTitle "GM"]
[WhiteElo "2038"]
[BlackElo "2597"]
[WhiteFideId "408670"]
[BlackFideId "620084"]
[EventDate "2016.12.17"]

1. e4 c5 2. Nf3 Nc6 3. d4 cxd4 4. Nxd4 e5 5. Nb5 d6 6. N1c3 a6 7. Na3 Be7 8. Nd5
Nf6 9. Nxf6+ Bxf6 10. Nc4 O-O 11. Be3 Nd4 12. c3 b5 13. cxd4 bxc4 14. d5 Bg5 15.
Qd2 Bxe3 16. Qxe3 f5 17. Bxc4 f4 18. Qd2 f3 19. gxf3 Rxf3 20. O-O-O Qf6 21. Kb1
Bh3 22. Qb4 Rxf2 23. Qb7 Qd8 24. Rhg1 Bg2 25. Ka1 Rf7 26. Qc6 Bxe4 27. Rc1 Rc7
28. Qb6 Bd3 29. b3 Bxc4 30. bxc4 Rb8 31. Qxa6 Qh4 32. Rgd1 Rcb7 33. Qxd6 Qxh2
34. Qa3 e4 35. Rb1 Qe5+ 36. Rb2 Rxb2 0-1

[Event "London Classic Superrapid"]
[Site "London ENG"]
[Date "2016.12.17"]
[Round "2.13"]
[White "Gupta, Abhijeet"]
[Black "Abrahams, Daniel"]
[Result "0-1"]
[WhiteTitle "GM"]
[WhiteElo "2634"]
[BlackElo "2071"]
[WhiteFideId "5010608"]
[BlackFideId "2606879"]
[EventDate "2016.12.17"]

1. d4 Nf6 2. c4 e6 3. Nf3 Bb4+ 4. Nbd2 O-O 5. a3 Be7 6. e4 d6 7. Bd3 c5 8. d5 e5
9. Nf1 Nbd7 10. Ng3 Re8 11. Nf5 Nf8 12. Nxe7+ Qxe7 13. h3 Ng6 14. g3 Bd7 15. Bg5
h6 16. Be3 a6 17. b4 b5 18. Nd2 bxc4 19. Nxc4 cxb4 20. axb4 Bb5 21. Na5 Qd7 22.
Qd2 Rab8 23. Rb1 Rec8 24. f3 Nh5 25. Kf2 Ne7 26. Bxb5 Rxb5 27. g4 Nf4 28. h4 g5
29. hxg5 hxg5 30. Kg3 Rc3 31. Nc6 Neg6 32. Rh6 Rd3 33. Qf2 Nh4 34. Rh1 a5 35.
R6xh4 gxh4+ 36. Rxh4 Ng6 37. Rh6 axb4 38. Qe2 Rxe3 39. Qxb5 Kg7 40. Rh1 Nf4 41.
Qb8 Ng6 42. Qxb4 Nf4 43. Qb8 Ng6 44. Qb6 Re2 45. Rh2 Rxh2 46. Kxh2 Qc8 47. Kg1
Qh8 48. Qf2 Nf4 49. Qh2 Qa8 50. Qb2 Nd3 51. Qc3 Qa6 52. Kh2 Qa2+ 53. Kh1 Nf4 0-1

[Event "London Classic Superrapid"]
[Site "London ENG"]
[Date "2016.12.17"]
[Round "2.14"]
[White "Hawkins, Jonathan"]
[Black "Rocco, Federico"]
[Result "1-0"]
[WhiteTitle "GM"]
[WhiteElo "2590"]
[BlackElo "1927"]
[WhiteFideId "412686"]
[BlackFideId "431362"]
[EventDate "2016.12.17"]

1. d4 Nf6 2. c4 g6 3. Nc3 Bg7 4. e4 d6 5. f3 O-O 6. Nge2 c5 7. Be3 Qa5 8. Qd2
Nc6 9. d5 Ne5 10. Ng3 a6 11. h3 Qb4 12. Nd1 Qxd2+ 13. Bxd2 b5 14. cxb5 axb5 15.
Bxb5 Ba6 16. Bxa6 Rxa6 17. Bc3 Nd3+ 18. Kd2 Nf4 19. Ne3 Rfa8 20. a3 Rb8 21. Rab1
h5 22. Ne2 Nxe2 23. Kxe2 h4 24. Kd2 Nh5 25. Bxg7 Kxg7 26. Kc3 Nf4 27. Rhd1 Rab6
28. b3 Ne2+ 29. Kc4 Nd4 30. b4 Nb5 31. Ra1 Rc8 32. Kd3 cxb4 33. axb4 Rc3+ 34.
Kd2 Rb3 35. Rab1 Ra3 36. Nc2 Ra2 37. Ra1 Rba6 38. Rxa2 Rxa2 39. Kd3 Kf6 40. Rc1
Ke5 41. Kc4 Na7 42. b5 Rb2 43. Nb4 Kf6 44. Kc3 Rxg2 45. b6 Nb5+ 46. Kd3 Rb2 47.
b7 Rxb4 48. b8=Q Rb3+ 49. Kc4 Nd4 50. Qh8+ 1-0

[Event "London Classic Superrapid"]
[Site "London ENG"]
[Date "2016.12.17"]
[Round "2.15"]
[White "Mircov, Nicola-Alexandar"]
[Black "Ehlvest, Jaan"]
[Result "0-1"]
[BlackTitle "GM"]
[WhiteElo "1899"]
[BlackElo "2532"]
[WhiteFideId "1250043"]
[BlackFideId "4500016"]
[EventDate "2016.12.17"]

1. e4 c5 2. Nf3 Nc6 3. d4 cxd4 4. Nxd4 Qb6 5. Nb3 Nf6 6. Be3 Qc7 7. Nc3 e6 8. f4
Bb4 9. Bd3 Bxc3+ 10. bxc3 e5 11. O-O d6 12. f5 b6 13. c4 Bb7 14. Kh1 Nb8 15. Qf3
Nbd7 16. a4 a5 17. Qg3 Nxe4 18. Qxg7 O-O-O 19. Qxf7 Nef6 20. Be2 Rdf8 21. Qe7
Re8 0-1

[Event "London Classic Superrapid"]
[Site "London ENG"]
[Date "2016.12.17"]
[Round "2.16"]
[White "Nunn, John D M"]
[Black "Prill, Gerhard"]
[Result "1-0"]
[WhiteTitle "GM"]
[WhiteElo "2600"]
[BlackElo "2013"]
[WhiteFideId "400017"]
[BlackFideId "24623873"]
[EventDate "2016.12.17"]

1. e4 e5 2. Nf3 Nc6 3. Bb5 a6 4. Ba4 Nf6 5. O-O Nxe4 6. d4 b5 7. Bb3 d5 8. dxe5
Be6 9. Be3 Bc5 10. Qd3 Qd7 11. Nc3 Nb4 12. Qe2 Nxc3 13. bxc3 Bxe3 14. Qxe3 Nc6
15. Qc5 Ne7 16. Rfd1 Rd8 17. Nd4 O-O 18. a4 Rb8 19. axb5 axb5 20. Ra7 Rfc8 21.
h3 h6 22. Rda1 Ng6 23. Nc6 Rb6 24. Qxb6 cxb6 25. Rxd7 Bxd7 26. Nb4 Be6 27. Nxd5
Rc5 28. Nxb6 Bxb3 29. cxb3 Rxc3 30. Nd7 Rxb3 31. f4 h5 32. f5 Nf4 33. h4 Rg3 34.
Ra8+ Kh7 35. Nf8+ Kh6 36. Ne6 Ng6 37. Ng5 1-0

[Event "London Classic Superrapid"]
[Site "London ENG"]
[Date "2016.12.17"]
[Round "2.17"]
[White "Stojanas, Justinas"]
[Black "Moussard, Jules"]
[Result "0-1"]
[BlackTitle "GM"]
[WhiteElo "2106"]
[BlackElo "2571"]
[WhiteFideId "12802328"]
[BlackFideId "642908"]
[EventDate "2016.12.17"]

1. e4 g6 2. d4 Bg7 3. Nc3 d6 4. Nf3 a6 5. a4 Nf6 6. Bg5 O-O 7. e5 Nfd7 8. exd6
cxd6 9. Qd2 Nf6 10. Bh6 Bg4 11. Bxg7 Kxg7 12. Be2 Nc6 13. h3 Bxf3 14. Bxf3 Qb6
15. Bxc6 Qxc6 16. O-O Rac8 17. Rfe1 Rc7 18. Re2 Qb6 19. Nd1 Re8 20. Ra3 Rc4 21.
Rb3 Qc7 22. Rc3 Rxc3 23. Nxc3 Rc8 24. Qf4 Qd7 25. Qe3 Rc7 26. Qg5 Qc6 27. Qd2
Qc4 28. Qe1 e6 29. Qd2 Qb4 30. d5 e5 31. Qc1 Qc4 32. Rd2 Rc5 33. Qd1 Qb4 34. Qc1
h5 35. Rd3 Ne4 36. Nxe4 Qxe4 37. Qg5 f6 38. Qd2 Qxa4 39. c3 a5 40. g3 Qc4 41. h4
a4 42. Qd1 Rb5 43. Rd2 Rb3 44. Qe1 Qb5 45. Qe4 Kf7 46. Qe3 a3 47. bxa3 Kg7 48.
Kg2 Rxa3 49. Rc2 Qxd5+ 50. f3 Ra2 51. Rxa2 Qxa2+ 52. Kh3 Qb1 53. Kg2 Qb5 54. Qa7
Qe2+ 55. Kg1 Qxf3 56. Qb8 Qxg3+ 57. Kf1 Qxh4 58. Qxd6 Qc4+ 59. Kg1 Qc6 60. Qe7+
Kh6 61. Qf8+ Kg5 62. Qb4 b6 63. Kh2 h4 64. c4 Qf3 65. Qxb6 Qg3+ 66. Kh1 h3 67.
Qb2 Qg2+ 68. Qxg2+ hxg2+ 69. Kxg2 Kf5 70. Kf3 Ke6 71. c5 Kd5 0-1

[Event "London Classic Superrapid"]
[Site "London ENG"]
[Date "2016.12.17"]
[Round "2.18"]
[White "Hovhannisyan, Robert"]
[Black "Andersen, Torben Bodskov"]
[Result "1-0"]
[WhiteTitle "GM"]
[WhiteElo "2630"]
[BlackElo "2043"]
[WhiteFideId "13302507"]
[BlackFideId "1406086"]
[EventDate "2016.12.17"]

1. e4 c6 2. d4 d5 3. e5 Bf5 4. Be2 e6 5. Nf3 Nd7 6. O-O Ne7 7. c3 c5 8. dxc5 Nc6
9. b4 Ndxe5 10. Nd4 Nxd4 11. cxd4 Nd7 12. Nc3 Be7 13. g4 Bg6 14. f4 f5 15. Be3
O-O 16. g5 h6 17. h4 hxg5 18. hxg5 Kf7 19. Kg2 Rh8 20. Rh1 Rxh1 21. Qxh1 Qh8 22.
Bf3 Qxh1+ 23. Rxh1 Rb8 24. b5 Bf8 25. a4 Ke8 26. Bd2 Kd8 27. Ne2 Kc7 28. Nc1 Be7
29. Re1 Bf7 30. Bxd5 1-0

[Event "London Classic Superrapid"]
[Site "London ENG"]
[Date "2016.12.17"]
[Round "2.19"]
[White "Jameson, David"]
[Black "Shabalov, Alexander"]
[Result "0-1"]
[BlackTitle "GM"]
[WhiteElo "2116"]
[BlackElo "2563"]
[WhiteFideId "1801538"]
[BlackFideId "2008572"]
[EventDate "2016.12.17"]

1. d4 Nf6 2. c4 Nc6 3. Nf3 e6 4. Nc3 Bb4 5. Bd2 O-O 6. Qc2 d6 7. a3 Bxc3 8. Bxc3
Qe7 9. e3 e5 10. d5 Nb8 11. Be2 Ng4 12. h3 Nh6 13. g4 Kh8 14. g5 Ng8 15. O-O-O
Na6 16. b4 c6 17. dxc6 bxc6 18. Qd2 e4 19. Qd4 f6 20. Nd2 Bf5 21. Nb3 Rad8 22.
f4 exf3 23. Bxf3 c5 24. Qd2 fxg5 25. Bd5 Nf6 26. Bxf6 Qxf6 27. e4 Bg6 28. bxc5
Nxc5 29. Nxc5 Qa1+ 30. Kc2 Qa2+ 31. Kc1 Qxa3+ 32. Qb2 Qe3+ 33. Rd2 dxc5 34. Qc2
Rxd5 35. cxd5 Bxe4 36. Qb2 Bxh1 0-1

[Event "London Classic Superrapid"]
[Site "London ENG"]
[Date "2016.12.17"]
[Round "2.20"]
[White "Svane, Rasmus"]
[Black "Aprea, Daniele"]
[Result "1-0"]
[WhiteTitle "GM"]
[WhiteElo "2555"]
[BlackElo "2039"]
[WhiteFideId "4657101"]
[BlackFideId "886548"]
[EventDate "2016.12.17"]

1. d4 d5 2. c4 Bf5 3. Nc3 e6 4. Nf3 c6 5. Qb3 Qb6 6. c5 Qc7 7. Bf4 Qc8 8. e3 Nf6
9. h3 h6 10. Qd1 Nbd7 11. Bd3 Ne4 12. Bxe4 dxe4 13. Nd2 e5 14. Bg3 exd4 15. exd4
Nf6 16. O-O Be7 17. Re1 Qe6 18. Qb3 Qxb3 19. axb3 O-O 20. Ndxe4 Nxe4 21. Nxe4
Rfe8 22. f3 a6 23. b4 Rad8 24. Bc7 Rc8 25. Bg3 Rcd8 26. Rad1 Bg6 27. Kf2 f5 28.
Nc3 Bf6 29. Be5 Bg5 30. f4 Bh4+ 31. g3 Be7 32. d5 cxd5 33. Nxd5 Bf8 34. Nc7 Rxd1
35. Rxd1 Rc8 36. Ne6 Be8 37. Bd6 Bxd6 38. Rxd6 Rc6 39. Ke3 Rxd6 40. cxd6 Bc6 41.
Kd4 Kf7 42. Ke5 g6 43. Nd8+ Ke8 44. Nxc6 bxc6 1-0

[Event "London Classic Superrapid"]
[Site "London ENG"]
[Date "2016.12.17"]
[Round "2.21"]
[White "Gallagher, Joseph G."]
[Black "Mitra, Roman C"]
[Result "1-0"]
[WhiteTitle "GM"]
[WhiteElo "2433"]
[BlackElo "2083"]
[WhiteFideId "1303422"]
[BlackFideId "419540"]
[EventDate "2016.12.17"]

1. e4 e6 2. d4 d5 3. Nc3 dxe4 4. Nxe4 Nd7 5. Nf3 Ngf6 6. Nxf6+ Nxf6 7. c3 Be7 8.
Bd3 O-O 9. Ne5 c5 10. Be3 Qc7 11. Qe2 Nd5 12. O-O Nxe3 13. fxe3 b6 14. Bxh7+
Kxh7 15. Qh5+ Kg8 16. Rxf7 Rxf7 17. Qxf7+ Kh7 18. Rf1 Bd8 19. Qg6+ Kg8 20. Qe8+
Kh7 21. Rf8 1-0

[Event "London Classic Superrapid"]
[Site "London ENG"]
[Date "2016.12.17"]
[Round "2.22"]
[White "Stewart, Ashley"]
[Black "Speelman, Jon S"]
[Result "0-1"]
[BlackTitle "GM"]
[WhiteElo "2105"]
[BlackElo "2526"]
[WhiteFideId "419001"]
[BlackFideId "400033"]
[EventDate "2016.12.17"]

1. c4 b6 2. e4 Bb7 3. Bd3 e6 4. Bc2 d5 5. Qe2 dxe4 6. Bxe4 Nc6 7. Nf3 Nf6 8. Bc2
Nd4 9. Ba4+ b5 10. Bxb5+ Nxb5 11. cxb5 Bd6 12. d4 O-O 13. Bg5 h6 14. Bh4 Be7 15.
Nc3 a6 16. O-O Nh5 17. Bxe7 Qxe7 18. Qe5 Bxf3 19. gxf3 Qh4 20. Ne2 Rad8 21. Qe4
Qg5+ 22. Kh1 Qxb5 23. Rg1 Rd7 24. Rg2 Rfd8 25. Rag1 Qf5 26. Rc1 Nf6 27. Qxf5
exf5 28. Rc6 Nd5 29. Rxa6 Re8 30. Nc3 Nf4 31. Rg1 Rxd4 32. Rxh6 Nd3 33. Rh5
Nxf2+ 34. Kg2 Rd2 35. Rxf5 Rxb2 36. Kg3 Re6 37. h4 Nd3 38. Rg2 Rg6+ 39. Rg5
Rxg2+ 40. Kxg2 Rc6 41. Nd5 Kf8 42. Rh5 Rc2+ 43. Kg3 g6 44. Rh8+ Kg7 45. Rc8 c5
46. a4 Ra2 47. Nb6 Ra3 48. Kg2 Ne1+ 49. Kf2 Nxf3 50. Rxc5 Nxh4 51. a5 Nf5 52.
Nc4 Ra4 53. Nb6 Ra2+ 54. Kg1 Nd4 55. Nc4 Nf3+ 56. Kf1 f5 57. Rc7+ Kh6 58. Rc6
Nd2+ 59. Nxd2 Rxd2 60. Rc8 Ra2 61. Ra8 Kg5 62. a6 Kf4 63. a7 g5 64. Ke1 g4 65.
Kf1 g3 66. Ke1 Kf3 67. Rf8 Ra1+ 68. Kd2 Rxa7 69. Rxf5+ Kg4 70. Rf8 Re7 71. Kd1
g2 72. Rg8+ Kf3 73. Rf8+ Kg3 74. Rg8+ Kf2 75. Rf8+ Kg1 76. Kd2 Re5 77. Rf7 Kh2
78. Rh7+ Kg3 79. Rg7+ Kf3 80. Rf7+ Kg4 81. Rg7+ Rg5 0-1

[Event "London Classic Superrapid"]
[Site "London ENG"]
[Date "2016.12.17"]
[Round "2.23"]
[White "Turner, Matthew J"]
[Black "Regan, Natasha K"]
[Result "1-0"]
[WhiteTitle "GM"]
[BlackTitle "WIM"]
[WhiteElo "2523"]
[BlackElo "2018"]
[WhiteFideId "402893"]
[BlackFideId "403067"]
[EventDate "2016.12.17"]

1. d4 d5 2. Nf3 e6 3. g3 Nf6 4. Bg2 c5 5. O-O Nc6 6. c4 dxc4 7. Qa4 Bd7 8. Qxc4
cxd4 9. Nxd4 Rc8 10. Nc3 Nxd4 11. Qxd4 Bc5 12. Qd3 Bc6 13. Qxd8+ Kxd8 14. Bg5
Bxg2 15. Kxg2 Be7 16. Rac1 Nd7 17. Bf4 Bf6 18. Ne4 Rxc1 19. Rxc1 Be5 20. Bxe5
Nxe5 21. Nd6 Kd7 22. Nxb7 Rb8 23. Nc5+ Kd6 24. b3 Rb5 25. Ne4+ Kd7 26. h3 Ra5
27. a4 Rd5 28. f4 Nc6 29. Nc5+ Kd6 30. Nd3 Nd4 31. e4 Ra5 32. Ne5 Ra6 33. Rd1 1-0

[Event "London Classic Superrapid"]
[Site "London ENG"]
[Date "2016.12.17"]
[Round "2.24"]
[White "Orgler, Philipp"]
[Black "Hebden, Mark L"]
[Result "0-1"]
[BlackTitle "GM"]
[WhiteElo "2097"]
[BlackElo "2492"]
[WhiteFideId "1604236"]
[BlackFideId "400084"]
[EventDate "2016.12.17"]

1. d4 Nf6 2. Nc3 d5 3. Bg5 Nbd7 4. Qd3 c6 5. e4 dxe4 6. Nxe4 Nxe4 7. Qxe4 Qa5+
8. Bd2 Qb6 9. O-O-O Nf6 10. Qe5 Be6 11. Kb1 Ng4 12. Qe1 Qxd4 13. Nh3 O-O-O 14.
Be2 Qd5 15. b3 Qf5 16. Nf4 Bd7 17. h3 Nf6 18. Bd3 Qc5 19. Be3 Qa3 20. Bc1 Qc5
21. Be3 Qe5 22. Bc4 e6 23. Nd3 Qc7 24. Bf4 Bd6 25. Bxd6 Qxd6 26. Ne5 Qe7 27. Qa5
Kb8 28. Rd4 Nd5 29. Rhd1 f6 30. Nd3 e5 31. Rxd5 cxd5 32. Nc5 Bc6 33. Qb4 Ka8 34.
Bb5 Bxb5 35. Qxb5 Rd6 36. c4 Rc8 0-1

[Event "London Classic Superrapid"]
[Site "London ENG"]
[Date "2016.12.17"]
[Round "3.1"]
[White "McShane, Luke J"]
[Black "Roberson, Peter T"]
[Result "1-0"]
[WhiteTitle "GM"]
[BlackTitle "IM"]
[WhiteElo "2652"]
[BlackElo "2401"]
[WhiteFideId "404853"]
[BlackFideId "412384"]
[EventDate "2016.12.17"]

1. e4 e6 2. d4 d5 3. Nd2 c5 4. Ngf3 cxd4 5. Nxd4 Nf6 6. exd5 Nxd5 7. N2f3 Bb4+
8. Bd2 O-O 9. Be2 Bxd2+ 10. Qxd2 Qf6 11. O-O-O e5 12. Nb5 Be6 13. Bc4 Nf4 14.
Bxe6 Nxe6 15. Nc3 Nc6 16. Nd5 Qf5 17. Rhe1 Rfe8 18. c3 Rad8 19. Qc2 Qxc2+ 20.
Kxc2 f6 21. Ne3 Kf7 22. Nf5 Rxd1 23. Rxd1 Rd8 24. Rxd8 Ncxd8 25. Nd6+ Kf8 26.
Nd2 a6 27. a4 Ke7 28. N2e4 g6 29. g4 Nf4 30. a5 h5 31. f3 Ke6 32. Ne8 hxg4 33.
fxg4 Nd5 34. Kd3 Ke7 35. N8d6 Ke6 36. Nc4 f5 37. Nc5+ Kf6 38. Nd7+ Kg5 39. gxf5
Kxf5 40. Ndxe5 Ne6 41. b4 Ndf4+ 42. Kc2 g5 43. Nf7 Kg4 44. Ncd6 Kh3 45. Nxb7
Kxh2 46. Nxg5 Nxg5 47. Nc5 Nfe6 48. Nxa6 Kg3 49. b5 Ne4 50. Nb4 Nd6 51. b6 Nc5
52. a6 Nd7 53. b7 Nb5 54. Nc6 Kf4 55. c4 Na7 56. Nxa7 Nb8 57. Nc6 Nxc6 58. a7 1-0

[Event "London Classic Superrapid"]
[Site "London ENG"]
[Date "2016.12.17"]
[Round "3.2"]
[White "Bacrot, Etienne"]
[Black "Cox, John J"]
[Result "1-0"]
[WhiteTitle "GM"]
[BlackTitle "IM"]
[WhiteElo "2689"]
[BlackElo "2320"]
[WhiteFideId "605506"]
[BlackFideId "401064"]
[EventDate "2016.12.17"]

1. e4 e5 2. Nf3 Nc6 3. Bc4 Nf6 4. d3 Be7 5. O-O O-O 6. Re1 d6 7. a4 Na5 8. Ba2
c5 9. Na3 h6 10. Bd2 Nc6 11. c3 a6 12. h3 Rb8 13. b4 cxb4 14. cxb4 b5 15. axb5
axb5 16. Nc2 Be6 17. Bxe6 fxe6 18. d4 Qd7 19. Bc3 exd4 20. Ncxd4 d5 21. exd5
exd5 22. Nxc6 Qxc6 23. Rxe7 Qxc3 24. Raa7 Ne8 25. Ne5 Rd8 26. Nf7 Rc8 27. Nxh6+
Kh7 28. Ng4 Qc1 29. Qxc1 Rxc1+ 30. Kh2 Kg6 31. Rab7 Rc4 1-0

[Event "London Classic Superrapid"]
[Site "London ENG"]
[Date "2016.12.17"]
[Round "3.3"]
[White "Pigott, John C"]
[Black "Fressinet, Laurent"]
[Result "0-1"]
[WhiteTitle "FM"]
[BlackTitle "GM"]
[WhiteElo "2384"]
[BlackElo "2672"]
[WhiteFideId "400459"]
[BlackFideId "608742"]
[EventDate "2016.12.17"]

1. e4 d6 2. d4 g6 3. c4 Bg7 4. Nc3 Nf6 5. f3 O-O 6. Bg5 Nc6 7. Nge2 a6 8. Qd2
Na5 9. Nc1 Bd7 10. b4 Nc6 11. Rb1 e5 12. d5 Nd4 13. Nb3 Qe8 14. Nxd4 exd4 15.
Ne2 Nxe4 16. fxe4 Qxe4 17. Rb3 Rfe8 18. Kf2 h6 19. Ng3 Qe5 20. Bxh6 Bxh6 21.
Qxh6 Qe1+ 22. Kg1 Re3 23. Qf4 d3 24. Rb1 d2 25. Rxe1 dxe1=Q 26. Qf2 Rae8 27.
Qxe1 Rxe1 28. h3 f5 0-1

[Event "London Classic Superrapid"]
[Site "London ENG"]
[Date "2016.12.17"]
[Round "3.4"]
[White "Howell, David W L"]
[Black "Buckley, Graeme N"]
[Result "1-0"]
[WhiteTitle "GM"]
[BlackTitle "IM"]
[WhiteElo "2644"]
[BlackElo "2342"]
[WhiteFideId "410608"]
[BlackFideId "402265"]
[EventDate "2016.12.17"]

1. c4 b6 2. Nc3 e6 3. d4 Bb4 4. e4 Bb7 5. Bd3 f5 6. f3 Qh4+ 7. g3 Qh5 8. exf5
Ne7 9. Bd2 Nxf5 10. Bxf5 Qxf5 11. Nb5 Bxd2+ 12. Qxd2 Na6 13. g4 Qf6 14. O-O-O
O-O 15. Rf1 d5 16. cxd5 Rad8 17. d6 c5 18. Ne2 Nb4 19. dxc5 bxc5 20. a3 Nd5 21.
Nec3 Qg6 22. Ne4 Ba6 23. Qa5 Bxb5 24. Qxb5 Ne3 25. Rf2 Qh6 26. Kb1 Qf4 27. Re1
Nd5 28. Qxc5 Rc8 29. Qd4 Rfd8 30. Qd2 Qf8 31. Ka1 Rb8 32. f4 h6 33. f5 Qe8 34.
fxe6 Qxe6 35. Nf6+ Qxf6 36. Qxd5+ 1-0

[Event "London Classic Superrapid"]
[Site "London ENG"]
[Date "2016.12.17"]
[Round "3.5"]
[White "Gomes, Mary Ann"]
[Black "Iturrizaga Bonelli, Eduardo"]
[Result "0-1"]
[WhiteTitle "WGM"]
[BlackTitle "GM"]
[WhiteElo "2302"]
[BlackElo "2652"]
[WhiteFideId "5013623"]
[BlackFideId "3901211"]
[EventDate "2016.12.17"]

1. Nf3 c5 2. c4 g6 3. Nc3 Bg7 4. g3 Nc6 5. Bg2 Nh6 6. O-O Nf5 7. d3 O-O 8. e4
Nfd4 9. Nxd4 Nxd4 10. Be3 d6 11. Qd2 Rb8 12. Bh6 Bxh6 13. Qxh6 b5 14. cxb5 Nxb5
15. Ne2 e6 16. Qe3 Qf6 17. b3 Ba6 18. Rfc1 Rfc8 19. f4 Na3 20. e5 Qd8 21. exd6
Qxd6 22. Be4 Nb5 23. Kf2 Rc7 24. Rab1 Re8 25. a4 Nd4 26. b4 Nxe2 27. bxc5 Qd8
28. Kxe2 f5 29. Bf3 e5 30. Kf2 exf4 31. Qxf4 Bxd3 32. Rb3 Be4 33. Be2 g5 34.
Bc4+ Kg7 35. Qe3 Qf6 36. Bb5 Re5 37. Qd4 f4 38. g4 Rexc5 39. Qxf6+ Kxf6 40. Rxc5
Rxc5 41. Bd3 Bxd3 42. Rxd3 Rc2+ 43. Kf3 Rxh2 44. Rd6+ Ke5 45. Ra6 Rh3+ 46. Kf2
h5 47. Ra5+ Ke4 48. Rxg5 hxg4 49. Rxg4 Ra3 50. Rg7 Ra2+ 51. Kf1 Kf3 52. Kg1 Rxa4
53. Rb7 Ra1+ 54. Kh2 a5 0-1